Organizational communication (Record no. 480801)

MARC details
000 -LEADER
fixed length control field 01785cam a2200385 a 4500
001 - CONTROL NUMBER
control field EDZ0000117252
003 - CONTROL NUMBER IDENTIFIER
control field StDuBDS
005 - DATE AND TIME OF LATEST TRANSACTION
control field 20161031105151.0
006 - FIXED-LENGTH DATA ELEMENTS--ADDITIONAL MATERIAL CHARACTERISTICS--GENERAL INFORMATION
fixed length control field m||||||||d||||||||
007 - PHYSICAL DESCRIPTION FIXED FIELD--GENERAL INFORMATION
fixed length control field cr |||||||||||
008 - FIXED-LENGTH DATA ELEMENTS--GENERAL INFORMATION
fixed length control field 130111s2006 enka fo| 000|0|eng d
020 ## - INTERNATIONAL STANDARD BOOK NUMBER
International Standard Book Number 9781446262757 (ebook) :
Terms of availability No price
040 ## - CATALOGING SOURCE
Original cataloging agency StDuBDS
Language of cataloging eng
Transcribing agency StDuBDS
Description conventions pn
049 ## - LOCAL HOLDINGS (OCLC)
Holding library Alfaisal Main Library
050 #0 - LIBRARY OF CONGRESS CALL NUMBER
Classification number HD30.3
Item number .O7215 2006
082 04 - DEWEY DECIMAL CLASSIFICATION NUMBER
Classification number 658.45
Edition number 23
245 00 - TITLE STATEMENT
Title Organizational communication
Medium [electronic resource] /
Statement of responsibility, etc edited by Linda L. Putnam and Kathleen J. Krone.
260 ## - PUBLICATION, DISTRIBUTION, ETC. (IMPRINT)
Place of publication, distribution, etc London :
Name of publisher, distributor, etc SAGE,
Date of publication, distribution, etc 2006.
300 ## - PHYSICAL DESCRIPTION
Extent 1 online resource (5 v. (various pagings)) :
Other physical details ill.
490 1# - SERIES STATEMENT
Series statement SAGE library in business and management
505 0# - FORMATTED CONTENTS NOTE
Formatted contents note v. 1. History and theoretical perspectives -- v. 2. Communication patterns, networks, and structures -- v. 3. Relational and identity issues -- v. 4. Participation, power, and gender -- v. 5. Cultures, globalization, and discourse.
520 8# - SUMMARY, ETC.
Summary, etc Covering the fundamental theories of organizational communication studies, this collection focuses in particular on the development of the field through articles that influenced agenda-setting and charts the course of the research.
521 ## - TARGET AUDIENCE NOTE
Target audience note Specialized.
588 ## -
-- Description based on print version record.
504 ## - BIBLIOGRAPHY, ETC. NOTE
Bibliography, etc Includes bibliographical references.
650 #0 - SUBJECT ADDED ENTRY--TOPICAL TERM
Topical term or geographic name as entry element Communication in organizations.
655 #7 - INDEX TERM--GENRE/FORM
Genre/form data or focus term Electronic books.
Source of term local
700 1# - ADDED ENTRY--PERSONAL NAME
Personal name Putnam, Linda.
700 1# - ADDED ENTRY--PERSONAL NAME
Personal name Krone, Kathleen J.
710 2# - ADDED ENTRY--CORPORATE NAME
Corporate name or jurisdiction name as entry element Sage eBooks
776 08 - ADDITIONAL PHYSICAL FORM ENTRY
Display text Print version :
International Standard Book Number 9781412910453
830 #0 - SERIES ADDED ENTRY--UNIFORM TITLE
Uniform title SAGE library in business and management.
856 40 - ELECTRONIC LOCATION AND ACCESS
Uniform Resource Identifier <a href="http://ezproxy.alfaisal.edu/login?url=http://sk.sagepub.com/navigator/organizational-communication">http://ezproxy.alfaisal.edu/login?url=http://sk.sagepub.com/navigator/organizational-communication</a>
942 ## - ADDED ENTRY ELEMENTS (KOHA)
Source of classification or shelving scheme Library of Congress Classification
Koha item type eBooks

No items available.

Copyright © 2020 Alfaisal University Library. All Rights Reserved.
Tel: +966 11 2158948 Fax: +966 11 2157910 Email:
librarian@alfaisal.edu